000 00492nam a2200181Ia 4500
008 100917s9999 xx 000 0 und d
082 _b61733
100 _aबोल्ली लक्ष्मीनारायण
245 _aझुंबर
260 _bवैजयंती चव्हाण
_c1982
300 _a56
365 _b8
520 _aकविता
630 _aझुंबर
650 _aकविता
730 _aझुंबर
942 _cBOOK
999 _c667127
_d667124